00509cam a22001931 4500001001300000003000400013005001700017008004100034010001700075035002000092040003700112042001200149050001900161100002700180245003500207260003900242300001900281999001500300af 48004729 DLC20260227110909.0890505s1943 be 000 1 dut c aaf 48004729  a(OCoLC)19667078 aCalifornia. Univ. Libr.cCUdDLC apremarc00aPT6436.L43bS81 aLeynen, Hubert,d1909-13aDe stem van het bloed,broman. aBrussel,bUitgeverij Ignis,c1943. a316 p.c19 cm. c6191d6191